000 00287nam a2200097Ia 4500
008 210107s9999 xx 000 0 und d
100 _aChopra, Sunil ; Meindl, Peter [et. al.]
245 0 _aSupply Chain Management strategy, planning and operation
260 _aDelhi
_bPearson
942 _cBK
999 _c11704
_d11704